[Event "4NCL 2019-20"]
[Site "Daventry"]
[Date "2020.01.11"]
[Round "3"]
[White "Edouard, Romain"]
[Black "Robertson, J Stuart"]
[Result "1-0"]
[WhiteElo "2640"]
[BlackElo "2157"]
[Annotator "TA"]
[PlyCount "67"]
[EventDate "2020.01.11"]
[EventCountry "ENG"]
[SourceTitle "playchess.com"]
[Source "ChessBase"]
[SourceQuality "1"]

{[%evp 10,67,27,5,8,0,33,22,0,8,14,16,17,12,93,106,108,92,138,139,129,123,144,115,157,145,150,138,157,153,191,150,154,125,145,93,110,60,49,45,70,17,46,12,12,12,13,12,247,0,253,247,716,716,696,680,29974,29969,29982,29981]} 1. e4 c5 2. Nc3 Nc6 3. Nf3 e5 4. Bc4 Be7 5. d3 Nf6 6. Ng5 O-O $1 {B30: Sicilian: 2...Nc6 3 Bb5, lines without ...g6} 7. f4 (7. h4 Na5 8. f4 Nxc4 9. dxc4 d6 10. f5 h6 11. Qf3 Bd7 12. Nh3 b5 13. g4 b4 14. Nd1 {1-0 (25) Kryvoruchko,Y (2675)-Moiseenko,A (2623) Lutsk 2019}) 7... d5 8. exd5 Nd4 {The position is equal.} 9. fxe5 {Hoping for d6.} Ng4 $146 ({Predecessor:} 9... Bg4 10. Qd2 Nd7 11. O-O Nxe5 12. Bb3 Qb6 13. Kh1 f6 14. Ne6 Bxe6 15. dxe6 {½-½ (61) Kevicky,M (2410)-Boecher,H (2252) ICCF email 2004}) 10. e6 Bxg5 11. Qxg4 Bxc1 (11... Bf6 $1 $11 12. Kd1 b5 13. Bxb5 (13. Nxb5 Nxb5 14. Bxb5 Qxd5 $11) 13... Nxb5 14. Nxb5 Qxd5) 12. Rxc1 $16 fxe6 13. dxe6 Re8 {intending ...b5.} 14. O-O {And now e7+ would win.} Bxe6 15. Bxe6+ Rxe6 16. Rf2 Rf6 17. Rcf1 Rxf2 18. Rxf2 Qe7 19. Ne4 Rd8 20. h4 Nc6 21. h5 Ne5 22. Qf5 (22. Qg3 $142) 22... h6 23. Ng3 c4 $1 24. dxc4 Nxc4 25. Rf4 (25. Qf3 $14) 25... Ne3 26. Qb5 {Re4 is the strong threat.} Rd1+ 27. Kh2 {Black should prevent Re4.} Qe6 $1 {Strongly threatening ...Rd2!} 28. Qb4 $36 {[%mdl 2048] Threatens to win with Re4. White is more active.} Qe5 $2 (28... Qd5 $11 {and Black is okay.} 29. Rf8+ Kh7 $1 {[%mdl 512]}) 29. Qf8+ $18 Kh7 {[#]} 30. Re4 $1 {[%cal Re4e5]} Rh1+ $2 ({Don't play} 30... Qg5 $6 31. Qf3) (30... Nf1+ 31. Qxf1 Qxe4 32. Qxd1 Qh4+ 33. Kg1 Qxg3) 31. Kxh1 Qxg3 {[#]} 32. Qf3 $1 Qe1+ 33. Kh2 Nf1+ 34. Kh3 {Accuracy: White = 62%, Black = 41%.} 1-0

[Event "4NCL 2019-20"]
[Site "Daventry"]
[Date "2020.01.11"]
[Round "3"]
[White "Parligras, Mircea-Emilian"]
[Black "Gormally, Daniel W"]
[Result "1-0"]
[WhiteElo "2600"]
[BlackElo "2508"]
[Annotator "TA"]
[PlyCount "102"]
[EventDate "2020.01.11"]
[EventCountry "ENG"]
[SourceTitle "playchess.com"]
[Source "ChessBase"]
[SourceQuality "1"]

{[%evp 9,102,8,14,5,14,11,18,-2,12,16,21,20,14,19,16,14,20,15,23,12,8,14,20,20,35,29,37,35,38,33,59,50,50,50,50,50,50,50,50,30,50,50,54,53,59,59,59,59,59,59,59,21,59,59,59,0,59,59,59,58,59,0,59,0,59,40,48,43,67,67,67,41,333,316,311,311,597,595,554,533,822,796,777,793,784,774,706,688,917,840,862,848,6219,5922,6203]} 1. d4 Nf6 2. c4 e6 3. Nf3 b6 4. a3 Bb7 5. Bf4 Ne4 (5... Be7 6. Nc3 Nh5 7. Bd2 Nf6 8. g3 c5 9. dxc5 bxc5 10. Bg2 O-O 11. O-O d6 12. b4 Nbd7 13. Qb3 a6 14. Rfd1 {½-½ (57) Fedoseev,V (2677)-Hou,Y (2664) Jinan 2019}) 6. Nbd2 {E12: Queen's Indian: Unusual White 4th moves, 4 a3, 4 Nc3 Bb7 5 a3 and 4 Nc3 Bb7} Nxd2 7. Qxd2 d6 8. Rd1 $146 {The position is equal.} ({Predecessor:} 8. e3 Be7 9. h3 Nd7 10. Be2 g5 11. Bg3 h5 12. Rd1 Bf6 {½-½ (54) Zeghachov,D (2002)-Corujedo Hernandez,R (2185) ICCF email 2015}) 8... Nd7 9. Qc2 Nf6 10. d5 e5 11. Bd2 Be7 12. e4 O-O 13. Bd3 a5 14. b4 axb4 15. axb4 Qe8 16. O-O Qa4 17. Qc3 Qd7 18. Ra1 c6 19. b5 c5 20. h3 Rfc8 21. Nh2 Qd8 22. g3 Rcb8 23. Rxa8 Rxa8 24. f4 Bc8 25. f5 h6 26. Ra1 Bb7 27. Nf3 Nh7 28. Kg2 Ng5 29. Nh2 Nh7 30. Ng4 Nf6 31. Nf2 Nh7 32. Ng4 Nf6 33. Ne3 Nh7 34. Be2 Ng5 35. Bd3 Nh7 $1 36. Be2 Ng5 $1 37. Bf3 Rxa1 38. Qxa1 Qa8 39. Qxa8+ Bxa8 40. f6 gxf6 $2 {[%mdl 8192]} ({Better is} 40... Bxf6 $14 41. Nf5 Kf8) 41. Nf5 Bf8 42. h4 Nxf3 $2 (42... Bb7 43. hxg5 fxg5) 43. Kxf3 $18 {[%mdl 4096] Endgame KBB-KBN. White is clearly winning.} Kh7 44. Kg4 Bb7 {[#] Now ...Bc8 and Black clings on.} 45. Bxh6 $1 {[%mdl 512]} Bxh6 46. Nxd6 {[%mdl 64] Double Attack} Ba8 47. Nxf7 Bf8 48. Kf5 Kg7 49. Ke6 Bb7 50. d6 {White threatens d7 and mate.} Bxe4 51. d7 Bf3 {Accuracy: White = 71%, Black = 50%.} 1-0

[Event "4NCL 2019-20"]
[Site "Daventry"]
[Date "2020.01.11"]
[Round "3"]
[White "Speelman, Jon S"]
[Black "Gordon, Stephen J"]
[Result "0-1"]
[WhiteElo "2509"]
[BlackElo "2504"]
[Annotator "TA"]
[PlyCount "64"]
[EventDate "2020.01.11"]
[EventCountry "ENG"]
[SourceTitle "playchess.com"]
[Source "ChessBase"]
[SourceQuality "1"]

{[%evp 20,64,0,0,0,0,0,2,0,0,0,-24,-17,-101,-89,-87,-97,-152,-144,-313,-328,-306,-294,-319,-323,-324,-314,-291,-279,-286,-291,-301,-279,-277,-274,-270,-257,-301,-279,-609,-595,-633,-625,-625,-618,-1044,-1004]} 1. d4 Nf6 2. c4 e6 3. Nf3 d5 4. g3 Be7 5. Bg2 O-O 6. O-O dxc4 7. Qc2 a6 8. Qxc4 b5 9. Qc2 Bb7 10. Bd2 Be4 11. Qc1 c6 {E05: Open Catalan: 5 Nf3 Be7} (11... Nc6 12. Be3 b4 13. Nbd2 Bd5 14. Bg5 Nxd4 15. Nxd4 Bxg2 16. Nxe6 fxe6 17. Kxg2 Qd5+ 18. Nf3 c5 19. Qc2 c4 {1-0 (36) Giri,A (2776)-Aronian,L (2772) Kolkata 2019}) 12. Be3 Nbd7 13. Nc3 Bg6 {The position is equal.} 14. Rd1 Rc8 15. Bg5 Qc7 16. Qe3 $146 {[#]} (16. Nh4 $11 {remains equal.}) ({Predecessor:} 16. Bf4 Qb6 17. Ne5 Nxe5 18. Bxe5 Rfd8 19. Bxf6 Bxf6 {0-1 (30) Wiechert,H (2148)-Rosner,J (2412) Sasbach 2018}) 16... b4 $1 $17 {[%cal Rb4c3]} 17. Nb1 c5 18. Bxf6 (18. a3 $142) 18... Nxf6 {[%cal Bd7f6,Bf6h5,Bh5f4][%mdl 32]} ({Much less strong is} 18... gxf6 19. Nbd2 $15) 19. dxc5 $2 (19. Qd2 $17 {is a better defense.}) 19... Bxc5 $19 20. Qf4 {[#]} e5 $1 {[%mdl 512]} 21. Nxe5 Nh5 ({Weaker is} 21... Bd6 22. Rxd6 Qxd6 23. Nd2 $17) 22. Nxg6 {Threatens to win with Qxc7.} ({Much worse is} 22. Qg5 h6 $19) 22... Nxf4 23. Nxf4 Qa7 24. Nd3 Rfd8 {And now ...Bxf2+! would win.} 25. Nd2 {[#]} Rxd3 $1 {[%mdl 512]} 26. exd3 Bxf2+ 27. Kh1 h5 28. Nc4 Qd4 29. Bf3 $2 (29. Rac1) 29... h4 {Black is clearly winning.} 30. Kg2 hxg3 31. hxg3 Rc5 32. Rf1 {[#]} Bxg3 $1 {[%mdl 512] Accuracy: White = 32%, Black = 81%.} 0-1

[Event "4NCL 2019-20"]
[Site "Daventry"]
[Date "2020.01.11"]
[Round "3"]
[White "Schneider, Dmitry"]
[Black "Lund, D Brett"]
[Result "0-1"]
[WhiteElo "2475"]
[BlackElo "2265"]
[Annotator "ChessBase"]
[PlyCount "111"]
[EventDate "2020.01.11"]
[EventCountry "ENG"]
[SourceTitle "playchess.com"]
[Source "ChessBase"]
[SourceQuality "1"]
[TimeControl "40/6000:3000+30"]

1. e4 {[%emt 0:00:00]} c5 {[%emt 0:00:00]} 2. Nf3 {[%emt 0:00:00]} e6 {[%emt 0:00:00]} 3. Nc3 {[%emt 0:00:00]} a6 {[%emt 0:00:00]} 4. g3 {[%emt 0:00:00]} d5 {[%emt 0:00:39]} 5. exd5 {[%emt 0:00:00]} exd5 {[%emt 0:00:00]} 6. d4 {[%emt 0:00:00]} Nc6 {[%emt 0:03:59]} 7. Bg2 {[%emt 0:01:21]} c4 {[%emt 0:05:52]} 8. O-O {[%emt 0:06:30]} Bb4 {[%emt 0:01:22]} 9. Ng5 {[%emt 0:14:29]} Nf6 {[%emt 0:14:48]} 10. Re1+ {[%emt 0:00:40]} Be7 {[%emt 0:08:23]} 11. Nxd5 {[%emt 0:10:30]} Nxd5 {[%emt 0:00:28]} 12. Nxf7 {[%emt 0:00:00]} Kxf7 {[%emt 0:01:57]} 13. Qh5+ {[%emt 0:01:38]} g6 {[%emt 0:00:17]} 14. Bxd5+ {[%emt 0:00:12]} Ke8 {[%emt 0:00:08]} 15. Qf3 {[%emt 0:00:00]} Rf8 {[%emt 0:06:11]} 16. Bxc6+ {[%emt 0:06:07]} bxc6 {[%emt 0:00:00]} 17. Qxc6+ {[%emt 0:01:43]} Bd7 {[%emt 0:00:00]} 18. Qd5 {[%emt 0:06:59]} Ra7 {[%emt 0:10:23]} 19. Bh6 {[%emt 0:11:14]} Rf7 {[%emt 0:04:54]} 20. Qe5 {[%emt 0:02:11]} Bh3 {[%emt 0:06:10]} 21. d5 {[%emt 0:01:21]} Kd7 {[%emt 0:00:52]} 22. Rad1 {[%emt 0:03:32]} Bd6 {[%emt 0:04:16]} 23. Qc3 {[%emt 0:02:42]} Qf6 {[%emt 0:07:35]} 24. Qxf6 {[%emt 0:06:12]} Rxf6 {[%emt 0:00:00]} 25. Re4 {[%emt 0:00:00]} Bc5 {[%emt 0:05:52]} 26. Be3 {[%emt 0:00:03]} Bxe3 {[%emt 0:01:45]} 27. fxe3 {[%emt 0:01:08]} g5 {[%emt 0:00:26]} 28. g4 {[%emt 0:06:36]} Ra8 {[%emt 0:04:53]} 29. Re5 {[%emt 0:00:05]} Raf8 {[%emt 0:01:59]} 30. Rf5 {[%emt 0:00:00]} Rxf5 {[%emt 0:01:34]} 31. gxf5 {[%emt 0:00:00]} Rxf5 {[%emt 0:00:00]} 32. c3 {[%emt 0:00:00]} h5 {[%emt 0:00:21]} 33. e4 {[%emt 0:00:00]} Rf8 {[%emt 0:01:07]} 34. e5 {[%emt 0:00:00]} h4 {[%emt 0:00:20]} 35. e6+ {[%emt 0:00:00]} Kd6 {[%emt 0:00:38]} 36. b3 {[%emt 0:00:00]} cxb3 {[%emt 0:00:00]} 37. axb3 {[%emt 0:00:00]} g4 {[%emt 0:00:00]} 38. Re1 {[%emt 0:03:09]} Kxd5 {[%emt 0:00:00]} 39. e7 {[%emt 0:00:00]} Re8 {[%emt 0:00:00]} 40. Kf2 {[%emt 0:00:00]} Kd6 {[%emt 0:00:00]} 41. Ra1 {[%emt 0:49:39]} Rxe7 {[%emt 0:51:07]} 42. Rxa6+ {[%emt 0:01:11]} Kd5 {[%emt 0:01:07]} 43. Rh6 {[%emt 0:00:21]} Rf7+ {[%emt 0:00:00]} 44. Ke2 {[%emt 0:00:00]} Rf3 {[%emt 0:00:00]} 45. Rxh4 {[%emt 0:00:00]} Rxc3 {[%emt 0:00:00]} 46. Rh8 {[%emt 0:00:00]} Rc2+ {[%emt 0:00:00]} 47. Ke3 {[%emt 0:00:00]} Rxh2 {[%emt 0:00:00]} 48. Kf4 {[%emt 0:00:00]} Rb2 {[%emt 0:00:00]} 49. Kg3 {[%emt 0:00:00]} Rxb3+ {[%emt 0:00:00]} 50. Kh4 {[%emt 0:00:00]} Re3 {[%emt 0:00:00]} 51. Rd8+ {[%emt 0:00:00]} Ke4 {[%emt 0:00:00]} 52. Re8+ {[%emt 0:00:00]} Kf3 {[%emt 0:00:00]} 53. Rf8+ {[%emt 0:00:00]} Kg2 {[%emt 0:00:00]} 54. Rb8 {[%emt 0:00:00]} Re2 {[%emt 0:00:00]} 55. Rb3 {[%emt 0:00:00]} Kh2 {[%emt 0:00:00]} 56. Ra3 {[%emt 0:00:00]} 0-1

[Event "4NCL 2019-20"]
[Site "Daventry"]
[Date "2020.01.11"]
[Round "3"]
[White "Galyas, Miklos"]
[Black "Webb, Laurence E"]
[Result "1-0"]
[WhiteElo "2469"]
[BlackElo "2307"]
[Annotator "TA"]
[PlyCount "77"]
[EventDate "2020.01.11"]
[EventCountry "ENG"]
[SourceTitle "playchess.com"]
[Source "ChessBase"]
[SourceQuality "1"]

{[%evp 9,77,46,39,27,44,54,47,48,46,56,83,54,45,56,80,85,73,74,76,28,39,31,36,21,98,73,180,173,173,184,219,222,225,190,175,103,103,116,133,133,133,135,299,291,297,347,490,469,493,358,362,356,670,654,605,585,735,657,788,716,700,671,932,929,929,932,29980,29981,29979,29978]} 1. c4 e5 2. g3 Nc6 3. Nc3 f5 4. Nf3 Nf6 5. d4 e4 6. Nh4 {A27: English Opening: Three Knights Variation} g6 7. Bg5 Bg7 8. e3 {White is slightly better.} O-O $146 ({Predecessor:} 8... Ne7 9. Ng2 d6 10. Nf4 O-O 11. h4 h6 12. Bxf6 {½-½ (34) Van Kampen,R (2636)-L'Ami,E (2650) Amsterdam 2014}) 9. Ng2 Ne7 10. Nf4 h6 11. Bxf6 $1 Bxf6 12. h4 d6 13. Qb3 c5 14. dxc5 (14. O-O-O $5 {[%cal Rd4c5]}) 14... dxc5 15. Be2 Qb6 16. O-O-O Kf7 (16... Qxb3 $11 {keeps the balance.} 17. axb3 Kh7) 17. Nb5 Rd8 (17... Be5 $16) 18. Rxd8 $18 Qxd8 19. Rd1 Qa5 20. Nd6+ {[%mdl 64] [#] Discovered Attack} Kf8 21. Qb5 $36 {[%mdl 2048] White is really pushing.} ({Resist} 21. Nxb7 $6 Qc7) 21... Qxb5 22. Nxb5 (22. cxb5 $18 Be5 23. Bc4) 22... Be5 $16 23. Rd8+ Kf7 24. Nd6+ Bxd6 25. Rxd6 g5 $2 (25... a5 $16 {might work better.}) 26. Bh5+ $18 Kg7 27. Nd5 Nxd5 (27... Ng8 $142 28. b3 gxh4 29. gxh4 Rb8) 28. cxd5 {[%mdl 4096] Endgame KRB-KRB} ({Not} 28. Rxd5 Be6 $16) 28... b6 29. Be2 gxh4 30. gxh4 f4 $2 (30... Kf8 31. Rxh6 Bb7) 31. Rd8 Kf6 {[#]} 32. Ba6 $1 {[%mdl 512]} fxe3 (32... Bxa6 33. Rxa8) 33. fxe3 Bb7 34. Rd6+ Ke5 35. Bxb7 {And now Re6+ would win.} Rg8 {...Rg1+ is the strong threat.} 36. Re6+ Kf5 37. Rxh6 Rg7 38. Bc8+ Ke5 39. d6 {Accuracy: White = 91%, Black = 26%.} 1-0

[Event "4NCL 2019-20"]
[Site "Daventry"]
[Date "2020.01.11"]
[Round "3"]
[White "Paehtz, Elisabeth"]
[Black "Lee, Richard W Y"]
[Result "1-0"]
[WhiteElo "2467"]
[BlackElo "2130"]
[Annotator "ChessBase"]
[PlyCount "117"]
[EventDate "2020.01.11"]
[EventCountry "ENG"]
[SourceTitle "playchess.com"]
[Source "ChessBase"]
[SourceQuality "1"]
[TimeControl "40/6000:3000+30"]

1. c4 {[%emt 0:00:00]} e6 {[%emt 0:00:00]} 2. Nf3 {[%emt 0:00:00]} d5 {[%emt 0:00:00]} 3. e3 {[%emt 0:00:49]} Nf6 {[%emt 0:00:00]} 4. Nc3 {[%emt 0:00:17]} Be7 {[%emt 0:00:24]} 5. b3 {[%emt 0:00:35]} O-O {[%emt 0:00:20]} 6. Bb2 {[%emt 0:00:28]} b6 {[%emt 0:01:08]} 7. g3 {[%emt 0:00:54]} Bb7 {[%emt 0:03:40]} 8. Bg2 {[%emt 0:00:00]} c5 {[%emt 0:09:24]} 9. O-O {[%emt 0:00:00]} Nc6 {[%emt 0:08:53]} 10. cxd5 {[%emt 0:00:00]} Nxd5 {[%emt 0:01:34]} 11. Nxd5 {[%emt 0:00:00]} exd5 {[%emt 0:13:39]} 12. d4 {[%emt 0:00:00]} Ba6 {[%emt 0:10:40]} 13. Re1 {[%emt 0:00:00]} Nb4 {[%emt 0:04:56]} 14. Ne5 {[%emt 0:03:59]} Rc8 {[%emt 0:09:28]} 15. dxc5 {[%emt 0:17:45]} Rxc5 {[%emt 0:04:45]} 16. Qg4 {[%emt 0:00:00]} f6 {[%emt 0:04:59]} 17. Qe6+ {[%emt 0:11:55]} Kh8 {[%emt 0:00:00]} 18. Nf7+ {[%emt 0:00:00]} Rxf7 {[%emt 0:00:00]} 19. Qxf7 {[%emt 0:00:00]} Nc2 {[%emt 0:02:27]} 20. Bd4 {[%emt 0:00:00]} Rc7 {[%emt 0:04:37]} 21. Qxd5 {[%emt 0:03:08]} Qc8 {[%emt 0:00:40]} 22. h4 {[%emt 0:12:35]} Bb7 {[%emt 0:03:39]} 23. Qh5 {[%emt 0:00:44]} Bxg2 {[%emt 0:02:40]} 24. Kxg2 {[%emt 0:00:00]} Qa8+ {[%emt 0:00:29]} 25. Qf3 {[%emt 0:02:26]} Nxe1+ {[%emt 0:00:58]} 26. Rxe1 {[%emt 0:00:00]} Qxf3+ {[%emt 0:00:26]} 27. Kxf3 {[%emt 0:00:00]} Ba3 {[%emt 0:00:52]} 28. Re2 {[%emt 0:00:00]} Kg8 {[%emt 0:00:02]} 29. Ke4 {[%emt 0:02:01]} Kf7 {[%emt 0:00:37]} 30. Kd3 {[%emt 0:01:57]} b5 {[%emt 0:00:44]} 31. g4 {[%emt 0:09:47]} g6 32. e4 {[%emt 0:00:00]} a6 {[%emt 0:04:25]} 33. e5 {[%emt 0:06:01]} fxe5 {[%emt 0:01:16]} 34. Bxe5 {[%emt 0:00:00]} Rc1 {[%emt 0:00:06]} 35. Ke4 {[%emt 0:03:33]} Be7 {[%emt 0:01:12]} 36. Bg3 {[%emt 0:00:30]} Rh1 {[%emt 0:00:14]} 37. g5 {[%emt 0:06:43]} Rc1 {[%emt 0:00:07]} 38. Ke5 {[%emt 0:00:40]} Rc3 {[%emt 0:00:00]} 39. Kd4 {[%emt 0:02:05]} Rc1 {[%emt 0:00:00]} 40. Bf4 {[%emt 0:00:12]} Rc6 {[%emt 0:00:00]} 41. Be5 {[%emt 0:52:14]} Rc1 {[%emt 0:50:13]} 42. Ke4 {[%emt 0:03:02]} Ke6 {[%emt 0:00:55]} 43. Kf4 {[%emt 0:01:15]} Kf7 {[%emt 0:00:00]} 44. Kg4 {[%emt 0:00:00]} Bc5 {[%emt 0:00:00]} 45. Bf4 {[%emt 0:00:00]} Rc3 {[%emt 0:00:00]} 46. h5 {[%emt 0:00:00]} a5 {[%emt 0:00:00]} 47. h6 {[%emt 0:00:00]} a4 {[%emt 0:00:00]} 48. Be5 {[%emt 0:00:00]} Rc1 {[%emt 0:00:00]} 49. Bf6 {[%emt 0:00:00]} axb3 {[%emt 0:00:00]} 50. axb3 {[%emt 0:00:00]} Rg1+ 51. Kf4 {[%emt 0:00:00]} Rb1 52. Rd2 {[%emt 0:00:00]} Ke6 53. Rd8 {[%emt 0:00:00]} Bxf2 54. Re8+ {[%emt 0:00:00]} Kf7 55. Re7+ {[%emt 0:01:06]} Kg8 {[%emt 0:05:38]} 56. Rg7+ {[%emt 0:00:00]} Kf8 {[%emt 0:00:04]} 57. Rxh7 Rxb3 {[%emt 0:00:17]} 58. Rb7 {[%emt 0:00:00]} Ke8 {[%emt 0:02:11]} 59. Ke4 {[%emt 0:00:04]} 1-0

[Event "4NCL 2019-20"]
[Site "Daventry"]
[Date "2020.01.11"]
[Round "3"]
[White "Williams, Simon K"]
[Black "Wadsworth, Matthew J"]
[Result "1/2-1/2"]
[WhiteElo "2461"]
[BlackElo "2401"]
[Annotator "ChessBase"]
[PlyCount "106"]
[EventDate "2020.01.11"]
[EventCountry "ENG"]
[SourceTitle "playchess.com"]
[Source "ChessBase"]
[SourceQuality "1"]
[TimeControl "40/6000:3000+30"]

1. d4 {[%emt 0:00:00]} Nf6 {[%emt 0:00:00]} 2. Nf3 {[%emt 0:00:00]} c5 {[%emt 0:00:00]} 3. d5 {[%emt 0:04:46]} e6 {[%emt 0:00:00]} 4. Bg5 {[%emt 0:00:46]} Qa5+ {[%emt 0:02:38]} 5. c3 {[%emt 0:00:44]} Nxd5 {[%emt 0:03:14]} 6. e4 {[%emt 0:00:00]} h6 {[%emt 0:07:30]} 7. exd5 {[%emt 0:04:25]} hxg5 {[%emt 0:00:00]} 8. Nxg5 {[%emt 0:00:00]} Be7 {[%emt 0:11:02]} 9. Ne4 {[%emt 0:04:08]} Rh4 {[%emt 0:12:47]} 10. Ng3 {[%emt 0:06:46]} d6 {[%emt 0:14:28]} 11. Nd2 {[%emt 0:00:49]} exd5 {[%emt 0:03:21]} 12. Nf3 {[%emt 0:00:58]} Rh6 {[%emt 0:00:00]} 13. Qxd5 {[%emt 0:00:18]} Nc6 {[%emt 0:01:31]} 14. Nf5 {[%emt 0:12:40]} Bxf5 {[%emt 0:00:08]} 15. Qxf5 {[%emt 0:00:00]} Re6+ {[%emt 0:00:00]} 16. Be2 {[%emt 0:00:19]} Bf6 {[%emt 0:07:07]} 17. Qc2 {[%emt 0:23:24]} Qb5 {[%emt 0:04:17]} 18. Kf1 {[%emt 0:01:29]} c4 {[%emt 0:00:47]} 19. b3 {[%emt 0:01:23]} cxb3 {[%emt 0:00:05]} 20. axb3 {[%emt 0:00:00]} Qc5 {[%emt 0:01:23]} 21. Rc1 {[%emt 0:01:12]} Kf8 {[%emt 0:03:44]} 22. b4 {[%emt 0:01:51]} Qh5 {[%emt 0:00:37]} 23. b5 {[%emt 0:01:40]} Rae8 {[%emt 0:00:00]} 24. Bc4 {[%emt 0:03:38]} d5 {[%emt 0:00:00]} 25. bxc6 {[%emt 0:00:28]} dxc4 {[%emt 0:00:00]} 26. cxb7 {[%emt 0:00:00]} Qd5 {[%emt 0:00:00]} 27. h4 {[%emt 0:12:02]} Qxb7 {[%emt 0:00:19]} 28. Ng5 {[%emt 0:00:00]} Rd6 {[%emt 0:10:54]} 29. Rh3 {[%emt 0:00:52]} Qb3 {[%emt 0:01:32]} 30. Nh7+ {[%emt 0:03:01]} Kg8 {[%emt 0:00:00]} 31. Nxf6+ {[%emt 0:00:00]} Rxf6 {[%emt 0:00:25]} 32. Qxb3 {[%emt 0:00:29]} cxb3 {[%emt 0:00:00]} 33. c4 {[%emt 0:00:00]} Rb8 {[%emt 0:00:25]} 34. Rb1 {[%emt 0:00:00]} Rfb6 {[%emt 0:01:29]} 35. c5 {[%emt 0:00:00]} Rb4 {[%emt 0:00:39]} 36. c6 {[%emt 0:00:00]} b2 {[%emt 0:01:10]} 37. c7 {[%emt 0:00:49]} Rc8 {[%emt 0:00:00]} 38. Rc3 {[%emt 0:00:00]} a5 {[%emt 0:00:46]} 39. Rc2 {[%emt 0:00:00]} a4 {[%emt 0:00:22]} 40. Rbxb2 {[%emt 0:00:00]} Rxb2 {[%emt 0:00:00]} 41. Rxb2 {[%emt 0:49:08]} Rxc7 {[%emt 0:49:42]} 42. Rb8+ {[%emt 0:00:11]} Kh7 {[%emt 0:00:05]} 43. Ra8 {[%emt 0:00:03]} Rc4 {[%emt 0:00:34]} 44. g3 {[%emt 0:00:27]} Kg6 {[%emt 0:02:12]} 45. Ke2 {[%emt 0:00:38]} Rb4 {[%emt 0:01:04]} 46. f3 {[%emt 0:06:05]} f6 {[%emt 0:02:19]} 47. Ra7 {[%emt 0:00:11]} Rb2+ {[%emt 0:02:16]} 48. Ke3 {[%emt 0:00:31]} Rb3+ {[%emt 0:00:14]} 49. Kf4 {[%emt 0:00:12]} a3 {[%emt 0:01:31]} 50. g4 {[%emt 0:00:10]} Kh6 {[%emt 0:01:35]} 51. h5 {[%emt 0:02:50]} g6 {[%emt 0:00:00]} 52. hxg6 {[%emt 0:00:00]} Kxg6 {[%emt 0:00:00]} 53. Kg3 {[%emt 0:00:00]} Rc3 {[%emt 0:00:00]} 1/2-1/2

[Event "4NCL 2019-20"]
[Site "Daventry"]
[Date "2020.01.11"]
[Round "3"]
[White "Suarez Real, Alberto"]
[Black "Hawkins, Jonathan"]
[Result "1-0"]
[WhiteElo "2449"]
[BlackElo "2580"]
[Annotator "TA"]
[PlyCount "53"]
[EventDate "2020.01.11"]
[EventCountry "ENG"]
[SourceTitle "playchess.com"]
[Source "ChessBase"]
[SourceQuality "1"]

{[%evp 19,53,8,30,23,26,25,36,25,23,15,14,14,6,14,15,26,38,14,42,39,41,38,236,236,204,191,542,563,597,589,898,885,803,695,787,783]} 1. e4 e5 2. Nf3 Nf6 3. Nxe5 d6 4. Nf3 Nxe4 5. d4 d5 6. Bd3 Bd6 7. O-O O-O 8. c4 c6 9. Qc2 Na6 10. a3 Bg4 {Black wants to play ...Bxf3.} 11. Ne5 {C42: Petroff Defence: 3 Nxe5 and unusual White 3rd moves} Bxe5 (11... Bf5 12. b4 c5 13. cxd5 cxd4 14. Bxe4 Rc8 15. Nc6 Bxe4 16. Qxe4 bxc6 17. dxc6 Re8 18. Qf3 Qb6 {1-0 (60) Dominguez Perez,L (2739)-Liang,A (2590) Saint Louis 2019}) 12. dxe5 Nac5 13. f3 {White is slightly better.} Nxd3 14. Qxd3 Nc5 15. Qd4 $1 {[%cal Rd4c5][%mdl 64] Double Attack} Nb3 16. Qxg4 Nxa1 {[#]} 17. Bh6 $1 {[%csl Gh6][%cal Rg4g7][%mdl 512]} g6 $1 18. Nc3 Qb6+ {[%mdl 64] Double Attack} 19. Kh1 {Strongly threatening Qf4.} Qxb2 {[%mdl 64] Double Attack} 20. Qf4 $1 {[%cal Rf4f6]} f6 $2 ({Black should try} 20... f5 $1 $14 21. Na4 Qe2 $1 {[%mdl 512]} 22. Rxa1 Rfe8) 21. e6 $1 $18 {Intending Qc7 and mate.} Qxc3 {[#]} 22. Qd6 $1 $40 {[%mdl 128] Black is in trouble.} Qxc4 $146 ({Much weaker is} 22... dxc4 23. Qd7 $18) (22... Nb3 {is tougher.}) 23. Rxa1 {Threatening mate with Qe7.White is clearly winning.} Qc3 24. Rg1 Rfe8 {White must now prevent ...f5.} 25. Qd7 {[%csl Gh6][%cal Rd7g7]} f5 {[#]} 26. Qf7+ $1 Kh8 {next ...f4 is good for Black.} 27. e7 {Accuracy: White = 100%, Black = 57%.} 1-0